Platón Aristóteles

Kaydedildi:
Detaylı Bibliyografya
Asıl Yazarlar: Natorp, Pablo (autor), Brentano, Francisco (Yazar)
Materyal Türü: Kitap
Dil:İspanyolca
Baskı/Yayın Bilgisi: Madrid Revista de Occidente 1925
Konular:
Etiketler: Etiketle
Etiket eklenmemiş, İlk siz ekleyin!

MARC

LEADER 00000nam a2200000 a 4500
001 UCY8228
003 CL-VaPUC
008 950703e19250000SP |||||||||||||||||spa|d
082 0 4 |a 184  |b NAT  |2 21 
100 |a Natorp, Pablo  |e autor  |9 560873 
700 0 |a Brentano, Francisco  |e author  |9 339478 
245 1 0 |a Platón Aristóteles 
300 |a 135 p 
942 |c BK 
945 |d 19950703 00:00:00  |a aalvarez 
260 |a Madrid  |b Revista de Occidente  |c 1925 
600 0 7 |a PLATON  |2 CL-VaPUC  |9 222 
600 0 |a Aristóteles,  |d 384 a.C.- 322 a.C.  |9 194 
583 |a last modification  |c 19950703 00:00:00  |k Rodrigo Vera 
999 |c 235504  |d 235502 
952 |0 0  |1 0  |4 0  |6 184_000000000000000_NAT_1925  |7 0  |8 P  |9 242987  |a BIBEDU  |b BIBEDU  |c BIBEDU_PB  |d 2019-11-18  |i 3098532  |l 1  |o 184 NAT 1925  |p 3098532  |r 2024-01-25  |s 2022-10-13  |w 2019-11-18  |y BK  |k FIL